000 00598nam a2200193Ia 4500
008 240729s9999 xx 000 0 und d
022 _a1994-036X
245 0 _aInternational Journal of Design
260 _aTaiwan, Province of China
260 _bChinese Institute of Design
650 _a Architectural drawing and design
650 _a Architecture
650 _a Machine design and drawing | Fine Arts
650 _a Mechanical engineering and machinery
650 _aTechnology
856 _uhttps://doaj.org/toc/333d2fd13850481c98cdae08b79611c1
942 _2ddc
942 _cDOAJEJ
999 _c66934
_d66934
945 _a1
_bMadushi Gamage
_c1
_dMadushi Gamage